Sports Quiz

Random Sports or NBA Quiz
Score 0/8 Timer 05:00
0 Plays Today
Question Answer Wrong Answers
lebron james 2003
86%
1999
3.2%
2001
6.5%
2002
4.3%
anthony davis 2012
63.4%
2011
16.1%
2010
7.5%
2013
9.7%
wardell curry 2009
62.4%
2008
11.8%
2007
9.7%
2005
16.1%
jayson tatum 2017
55.9%
2018
10.8%
2016
16.1%
2015
11.8%
russell westbrook 2008
37.6%
2007
9.7%
2010
10.8%
2009
37.6%
kevin durant 2008
36.6%
2006
16.1%
2007
37.6%
2009
6.5%
john wall 2008
34.4%
2007
7.5%
2009
11.8%
2010
44.1%
james harden 2010
34.4%
2009
35.5%
2008
14%
2007
12.9%
Remove Ads.
Support Sporcle.
Get the best of Sporcle when you Go Orange. This ad-free experience offers more features, more stats, and more fun while also helping to support Sporcle. Thank you for becoming a member.

You're not logged in!

Compare scores with friends on all Sporcle quizzes.
OR
Log In

Show Comments

Extras

Created Sep 29, 2019ReportNominate
Tags:NBA Quiz, Draft, Player

Top Quizzes Today


Score Distribution

Your Account Isn't Verified!

In order to create a playlist on Sporcle, you need to verify the email address you used during registration. Go to your Sporcle Settings to finish the process.

Report this User

Report this user for behavior that violates our Community Guidelines.

Details: